000 01031nas a2200277Ia 4500
001 A50/R188-27191 [r000020785]
003 IT-MiCISF
008 161014c99999999xx |||||||||||| ||und||
040 _aIT-MiCISF
_cIT-MiCISF
041 _aFRANCESE
100 _aVilquin Eric
210 _aPopulation
222 _aPopulation
240 _aPopulation et histoire
245 0 _aPopulation et histoire
250 _a1a ed.
260 _c1998
501 _bCISF - Centro Internazionale Studi Famiglia - Via Giotto, 36 20145 MILANO (non commercial uses only)
_cCopyright 2016
300 _app. 11-436
362 _an. 1-2, gennaio-aprile [1998]
500 _aRohrbasser J.M., Veron J., Brian E., There C., Blum C., Charbit Y., Loza C.B., Behar C., Seguy I., , Biraben J.N., Blanchet D., Bonneuil N., Van de Walle E., Naud j.F., Desjardins B., Charbonneau H., Dupaquier J., Zeller O., Fauve-Chamoux A., Le Mee R. Te
650 _apopolazione
_vrivista
700 _aAA.VV.
942 _cCR
957 _71
999 _a27191
_bSi
_g1
_c228731
_d228731